000
00303nam a2200097Ia 4500
008
220204s9999 xx 000 0 und d
082
_a
338.26(540)
_b
SEV.2
245
0
_a
Seventh five year plan 1985-90. V 2. Sectoral programmes of development
260
_a
New Delhi
_b
Planning Commission
_c
1985
942
_c
BK
999
_c
39202
_d
39202